000
00279nam a22001217a 4500
008
160519b xxu||||| |||| 00| 0 eng d
020
_a
9781574392777
020
_a
1574392778
041
_a
eng
080
_a
615
245
_a
A to Z drug facts:
_c
Wolters Kluwer;
942
_2
udc
_c
BK
999
_c
2236
_d
2236